Name Shounen Jump Manga Through Author/Authors Quiz Stats

 Plays Quiz not verified by Sporcle

Score 0/40 Timer 08:00
0 Plays Today
Author/Authors Manga Series % Correct
Eiichiro OdaOne Piece
97%
Masashi KishimotoNaruto
96.6%
Tite KuboBleach
95.1%
Akira ToriyamaDragon Ball
87.3%
Yoshihiro TogashiHunter X Hunter
74.9%
Takeshi Obata/Tsugumi OhbaDeathNote
68.9%
Horikoshi KouheiMy Hero Academia
66.3%
Yoshihiro TogashiYu Yu Hakusho
64.8%
Hirohiko ArakiJo Jo's Bizarre Adventure
62.9%
Hideaki SorachiGintama
60.3%
Furudate HaruichiHaikyuu!
58.1%
Takeshi Obata/Tsugumi OhbaBakuman
54.7%
Akira ToriyamaDr. Slump
52.1%
Takehiko InoueSlam Dunk
51.7%
Fujimaki TadatoshiKuroko No Basket
48.7%
Matsui YuuseiAssassination Classroom
43.1%
Saeki Shun/Morisaki Yuki/Tsukuda YuutoFood Wars
42.3%
Tabata YuukiBlack Clover
42.3%
Shimabukuro MitsutoshiToriko
41.2%
Komi NaoshiNisekoi
38.6%
Author/Authors Manga Series % Correct
Amano AkiraKatekyo Hitman Reborn!
34.8%
Yusuke Murata/Riichiro InagakiEyeshield 21
33.7%
Nobuhiro WatsukiRurouni Kenshin
33%
Hoshino KatsuraD. Gray-man
33%
Demizu Posuka/Shirai KaiuThe Promised Neverland
31.8%
Buronson/Tetsuo HaraFist Of The North Star
30.7%
Nisio Isin/Akatsuki AkiraMedaka Box
30.7%
Kazuki TakahashiYu-Gi-Oh!
29.6%
Yabuki Kentarou/Hasemi SakiTo Love-Ru
28.5%
Takei HiroyukiShaman King
25.8%
Takeshi Obata/Hotta YumiHikaru no Go
24.7%
Yabuki KentarouBlack Cat
24%
Konomi TakeshiThe Prince of Tennis
23.6%
Masami KurumadaSaint Seiya
21.7%
Tamura RyuuheiBeelzebub
21.7%
Ashihara DaisukeWorld Trigger
19.1%
Shinohara KentaSket Dance
17.2%
Iwashiro ToshiakiPsyren
15%
Shiibashi HiroshiNurarihyon no Mago
11.2%
Nobuhiro WatsukiBusou Renkin
10.5%

You're not logged in!

Compare scores with friends on all Sporcle quizzes.
OR
Log In

Sporcle TV

Today on Sporcle TV


Watch our educational content, quiz creation guides, and fun videos on Sporcle TV.

Show Comments

Extras

Created Sep 20, 2017ReportNominate
Tags:Anime Quiz, manga

Top Quizzes Today


Score Distribution

Your Account Isn't Verified!

In order to create a playlist on Sporcle, you need to verify the email address you used during registration. Go to your Sporcle Settings to finish the process.

Report this User

Report this user for behavior that violates our Community Guidelines.

Details: